Alternatívne usporiadanie Slovenska

Vláda SR schválila uznesením č. 491/2000 Alternatívny návrh usporiadania Slovenskej republiky, určujúci vyššie územné celky (VÚC). Prehľad samosprávnych regiónov a vybrané charakteristiky jednotlivých regiónov.

Guardado en:
Detalles Bibliográficos
Autor principal: Rajčák, Milan
Formato: Capítulo de libro
Lenguaje:eslovaco
Materias:
Etiquetas: Agregar Etiqueta
Sin Etiquetas, Sea el primero en etiquetar este registro!

MARC

LEADER 00000naa a2200000 4500
001 r041784
005 20230927092652.4
041 0 |a slo 
044 |a SK 
245 1 0 |a Alternatívne usporiadanie Slovenska  |c Milan Rajčák 
520 |a Vláda SR schválila uznesením č. 491/2000 Alternatívny návrh usporiadania Slovenskej republiky, určujúci vyššie územné celky (VÚC). Prehľad samosprávnych regiónov a vybrané charakteristiky jednotlivých regiónov. 
610 2 0 |a členenie územné administratívne 
610 2 0 |a vyššie územné celky 
610 2 0 |a regióny 
610 2 0 |a samospráva 
610 2 0 |a samofinancovanie 
610 2 0 |a obyvateľstvo 
610 2 0 |a Slovensko 
100 1 |a Rajčák, Milan